000 00579nam a2200181 a 4500
005 20140412111306.0
008 040505s19uu xx 00 eng d
020 _a0-688-09234-9
050 _aTR(PS E
_bDo65 1986
100 _aHutchins, Pat
245 _aDoorbell rang (The) /
_cby Pat Hucthins.
260 _aNew York :
_bMulberry Books,
_c1986.
300 _a1 v. (unp.) ; ill.
520 _aEach time the doorbell rings, there are more people who have come to share Ma's wonderful cookies.
650 _aCookies--Fiction
650 _aChildren stories
999 _c103664
_d103664